Arte e irreflexión / (Record no. 50600)

MARC details
000 -LEADER
fixed length control field 00665nam a22002177a 4500
008 - FIXED-LENGTH DATA ELEMENTS--GENERAL INFORMATION
fixed length control field 140324t sp ||||| |||| 00| 0 spa d
020 ## - INTERNATIONAL STANDARD BOOK NUMBER
International Standard Book Number 9788483719763
050 04 - LIBRARY OF CONGRESS CALL NUMBER
Classification number N72
Item number C78 2010
100 1# - MAIN ENTRY--PERSONAL NAME
Personal name Cruz Fernández, Pedro Alberto
245 10 - TITLE STATEMENT
Title Arte e irreflexión /
Statement of responsibility, etc Pedro Alberto Cruz Fernández ; Prólogo de Antonio Parra
250 ## - EDITION STATEMENT
Edition statement 1a ed.
260 ## - PUBLICATION, DISTRIBUTION, ETC. (IMPRINT)
Place of publication, distribution, etc España :
Name of publisher, distributor, etc Universidad de Murcia,
Date of publication, distribution, etc 2010
300 ## - PHYSICAL DESCRIPTION
Extent 115 p. ;
Dimensions 23 cm.
440 #0 - SERIES STATEMENT/ADDED ENTRY--TITLE
Title Editum.
Name of part/section of a work Ensayo
504 ## - BIBLIOGRAPHY, ETC. NOTE
Bibliography, etc incluye indice
650 #4 - SUBJECT ADDED ENTRY--TOPICAL TERM
Topical term or geographic name as entry element Arte
General subdivision Filosofía
650 #4 - SUBJECT ADDED ENTRY--TOPICAL TERM
Topical term or geographic name as entry element Arte y sociedad
700 1# - ADDED ENTRY--PERSONAL NAME
Personal name Parra, Antonio,
Fuller form of name prolog.
710 2# - ADDED ENTRY--CORPORATE NAME
Corporate name or jurisdiction name as entry element Universidad de Murcia
942 ## - ADDED ENTRY ELEMENTS (KOHA)
Source of classification or shelving scheme Biblioteca del Cogreso de los Estados Unidos
Koha item type Libro
Holdings
Estado de pérdida Fuente de clasificación Estado del daño No para préstamo Ubicación permanente Ubicación actual Fecha de adquisición Fuente de adquisición Enumeración de Serie / Cronológica Clasificación Código de Barras Date last seen Número de copia Tipo de recurso Nota pública
  Biblioteca del Cogreso de los Estados Unidos     Biblioteca de la Facultad de Letras Biblioteca de la Facultad de Letras 24/03/2014   LLH000004158 N72 C78 2010 LLH000004158 16/01/2015 C:1 Libro General
  Biblioteca del Cogreso de los Estados Unidos     Biblioteca de la Facultad de Letras Biblioteca de la Facultad de Letras 24/03/2014   LLH000004159 N72 C78 2010 LLH000004159 16/01/2015 C:2 Libro General